01210nam a2200241 a 450000100090000000800410000901000150005002000180006505000160008310000220009924501050012126000480022630000350027433600210030933700250033033800230035535000100037850000510038850504600043965000350089965000180093470000160095220955015200624s2019 ||||||||||||||||| || u a2019014856 a9781108456678 aJZ 1318 Ste aSteger, Manfred B10aGlobalization matters : engaging the global in unsettled timescBy Manfred B. Steger and Paul James  a New YorkbCambridge University Pressc2019 avii, 301 pages : illustrations atext2rdacontent aunmediated2rdamedia avolume2rdacarrier a54.64 aIncludes bibliographical references and index. aMapping a new genealogy of 'globalization' -- Rethinking the dominant framework of globalization theory -- Considering the subjective dimensions of globalization -- Outlining an engaged theory of globalization -- Excavating the long history of globalization -- Examining the promise of global studies -- Making sense of the populist challenge to globalization -- Confronting the global urban imaginary -- Living in the unsettled world of the anthropocene. 0aNATION-STATE AND GLOBALIZATION 0aGLOBALIZATION aJames, Paul